[Event "US Open"]
[Site "Los Angeles"]
[Date "2003.08.10"]
[Round "6"]
[White "Stripunsky, Alexander"]
[Black "Sulskis, Sarunas"]
[Result "1-0"]
[WhiteElo "2543"]
[BlackElo "2578"]
[PlyCount "87"]
[EventDate "2003.08.03"]
[Source "Roberto Alvarez"]
[SourceDate "2003.08.18"]

1. e4 e5 2. Nf3 Qe7 3. Bc4 d6 4. Nc3 c6 5. d4 h6 6. a4 g5 7. h3 Nd7 8. b3 Qf6 9. Bb2 Ne7 10. Qd2 Ng6 11. Ne2 Be7 12. a5 O-O 13. h4 g4 14. h5 gxf3 15. hxg6 Qxg6 16. gxf3 Bg5 17. f4 exf4 18. f3 d5 19. Bd3 dxe4 20. Bxe4 Qd6 21. O-O-O Re8 22. Rdg1 Kf8 23. Kb1 Nf6 24. Nc3 b5 25. Qh2 Rb8 26. Bd3 Ke7 27. Ne4 Nxe4 28. fxe4 Kd8 29. Qf2 Be6 30. Bc1 Bc4 31. e5 Qe6 32. Be4 f5 33. Bf3 Rb7 34. Rh3 Bd5 35. Bxd5 cxd5 36. Bxf4 Rg7 37. Rf1 Reg8 38. Kb2 a6 39. Bxg5+ Rxg5 40. Qh4 R8g6 41. Rc3 Kd7 42. Rc5 Rg4 43. Qh3 b4 44. Qd3 1-0

[Event "HUN-ch"]
[Site "Lillafured"]
[Date "1999.02.01"]
[Round "1"]
[White "Acs, Peter"]
[Black "Varga, Zoltan"]
[Result "0-1"]
[WhiteElo "2521"]
[BlackElo "2518"]
[PlyCount "64"]
[EventDate "1999.02.01"]
[Source "ChessBase"]
[SourceDate "1999.06.08"]

1. e4 e5 2. Nf3 Qe7 3. Nc3 c6 4. d4 d6 5. Bc4 Bg4 6. dxe5 dxe5 7. h3 Bh5 8. O-O Nf6 9. a4 Qc7 10. Qd3 Nbd7 11. Nh4 O-O-O 12. g4 Bg6 13. Nxg6 fxg6 14. a5 Bb4 15. Qe3 Kb8 16. Bd2 Nc5 17. Nb1 Bxd2 18. Nxd2 Qd6 19. Rfd1 Qd4 20. Qxd4 Rxd4 21. c3 Rd6 22. Nf3 Nfxe4 23. Nxe5 Re8 24. Nf7 Rxd1+ 25. Rxd1 Na4 26. Re1 Nxb2 27. Bf1 Nd6 28. Rb1 Nxf7 29. Rxb2 Kc7 30. f4 Nd6 31. h4 Re4 32. Rf2 Re3 0-1

[Event "GER-ch"]
[Site "Bremen"]
[Date "1998.11.06"]
[Round "1"]
[White "Slobodjan, Roman"]
[Black "Telljohann, Sven"]
[Result "1-0"]
[WhiteElo "2575"]
[BlackElo "2410"]
[PlyCount "57"]
[EventDate "1998.11.06"]
[Source "ChessBase"]
[SourceDate "1999.02.01"]

1. e4 e5 2. Nf3 Qe7 3. Bc4 d6 4. Nc3 c6 5. d4 h6 6. a4 a5 7. b3 Qf6 8. h3 Ne7 9. Be3 Nd7 10. Qd2 g5 11. dxe5 dxe5 12. Rd1 Ng6 13. Ne2 Be7 14. Ng3 Nf4 15. Kf1 Rg8 16. Nf5 Bb4 17. c3 Bf8 18. h4 Ne6 19. hxg5 hxg5 20. Rh7 Ndc5 21. Nxg5 Rxg5 22. Bxg5 Qxg5 23. Nd6+ Bxd6 24. Qxd6 Qf6 25. Bxe6 Nxe6 26. Rd3 Qe7 27. Rh8+ Nf8 28. Rxf8+ Kxf8 29. Qh6+ 1-0

[Event "Olimpiadi 2008 - open"]
[Site "Dresda GER"]
[Date "2008.11.16"]
[Round "4"]
[White "Azarov, S."]
[Black "Khouseinov, R."]
[Result "1-0"]
[WhiteElo "2613"]
[BlackElo "2348"]
[PlyCount "42"]
[EventDate "2008.11.13"]
[Source "www.chesslib.no"]
[SourceDate "2004.05.04"]

1. e4 e5 2. Nf3 Qe7 3. Nc3 c6 4. d4 d6 5. a4 a5 6. Be2 g6 7. O-O Nh6 8. d5 c5 9. Nd2 f6 10. Nc4 Qd8 11. Bxh6 Bxh6 12. Nb5 Ra6 13. Bg4 Bxg4 14. Qxg4 Qd7 15. Qe6+ Qxe6 16. dxe6 Ke7 17. Rfd1 Rd8 18. Ra3 Nc6 19. Rh3 Bg7 20. Rxh7 Kf8 21. Nc7 f5 1-0

[Event "Zonale 2.3"]
[Site "Santo Domingo DOM"]
[Date "2007.06.03"]
[Round "7"]
[White "Bruzon Batista, L."]
[Black "Dominguez, JM."]
[Result "1-0"]
[WhiteElo "2620"]
[BlackElo "2330"]
[PlyCount "117"]
[EventDate "2007.05.30"]
[Source "www.chesslib.no"]
[SourceDate "2004.05.04"]

1. e4 e5 2. Nf3 Qe7 3. Bc4 d6 4. O-O Bg4 5. Re1 Nf6 6. h3 Bh5 7. d4 c6 8. Nbd2 Qc7 9. c3 Nbd7 10. Bb3 h6 11. Nf1 g5 12. Ng3 Bg6 13. Nh2 Be7 14. Bd2 Nf8 15. Ng4 O-O-O 16. Qf3 Nxg4 17. hxg4 Ne6 18. dxe5 dxe5 19. Bxe6+ fxe6 20. Be3 Kb8 21. Qe2 Bf7 22. Rad1 Rxd1 23. Rxd1 Rd8 24. Rc1 Qa5 25. b3 Qb5 26. c4 Qb4 27. c5 Bg6 28. f3 Kc8 29. Rc4 Qb5 30. Kf2 Kb8 31. Qc2 Qa5 32. a4 Qc7 33. b4 Qd7 34. Qb2 Bf6 35. Rc2 Qd1 36. Rd2 Rxd2+ 37. Qxd2 Qxd2+ 38. Bxd2 b6 39. Ne2 Kb7 40. Nc1 bxc5 41. bxc5 Bd8 42. Nd3 Be8 43. Ke3 Bc7 44. Bc3 Ka6 45. Kd2 Ba5 46. Kc2 Bd8 47. Bxe5 h5 48. gxh5 Bxh5 49. g4 Be8 50. Kb3 Kb7 51. Nb2 Kc8 52. Nc4 Be7 53. Kb4 Bd7 54. Bg7 Kd8 55. e5 Ke8 56. Bf6 a5+ 57. Nxa5 Bxf6 58. exf6 Kf7 59. Nc4 1-0

[Event "Sao Paulo"]
[Site "Sao Paulo BRA"]
[Date "1986.??.??"]
[Round "?"]
[White "Morovic Fernandez, Ivan E"]
[Black "Mascarenhas, Alberto"]
[Result "1/2-1/2"]
[WhiteElo "2515"]
[BlackElo "2420"]
[PlyCount "83"]
[EventDate "1986.??.??"]
[Source "www.chesslib.no"]
[SourceDate "2004.05.04"]

1. e4 e5 2. Nf3 Qe7 3. Nc3 c6 4. d4 d6 5. Bg5 Nf6 6. Qd2 Nbd7 7. O-O-O g6 8. h4 h6 9. Be3 Ng4 10. g3 Bg7 11. d5 c5 12. h5 g5 13. Nh2 Ngf6 14. Be2 a6 15. f4 gxf4 16. gxf4 b5 17. Rhg1 Rh7 18. Bf3 exf4 19. Bxf4 Ne5 20. Qe2 b4 21. Na4 Bd7 22. b3 Bb5 23. Qf2 Nfd7 24. Ng4 Bxa4 25. bxa4 O-O-O 26. Be2 Kb7 27. Ne3 Qf6 28. Bg3 Qxf2 29. Bxf2 Bf6 30. a5 Bg5 31. Kb2 Nf6 32. Bd3 Nxh5 33. Nc4 f6 34. a3 bxa3+ 35. Kxa3 Nf4 36. Bf1 Nxc4+ 37. Bxc4 Nh3 38. Rb1+ Ka8 39. Rgf1 Nxf2 40. Rxf2 Rb7 41. Rxb7 Kxb7 42. Rf1 1/2-1/2

[Event "PZU SA Open"]
[Site "?"]
[Date "1999.08.21"]
[Round "5"]
[White "Brodsky Michail"]
[Black "Tobak Andrey"]
[Result "1-0"]
[WhiteElo "2512"]
[BlackElo "2421"]
[PlyCount "58"]
[EventDate "1999.??.??"]
[Source "www.chesslib.no"]
[SourceDate "2004.05.04"]

1. e4 e5 2. Nf3 Qe7 3. Nc3 c6 4. d4 d6 5. Be2 Nf6 6. O-O h6 7. a4 Bg4 8. a5 Nbd7 9. Re1 g5 10. b3 Bxf3 11. Bxf3 Bg7 12. d5 c5 13. h3 O-O 14. Ra2 Rfb8 15. Ne2 Nf8 16. Ng3 Ng6 17. Nf5 Qd8 18. g3 Ne7 19. Ne3 b5 20. Kg2 Qd7 21. Rh1 h5 22. Kg1 Rf8 23. Nf1 g4 24. hxg4 hxg4 25. Bg2 Nxe4 26. Bxe4 f5 27. Bg2 Rf6 28. Bg5 Rg6 29. Rh5 a6 1-0

[Event "HUN-ch"]
[Site "Budapest"]
[Date "1996.??.??"]
[Round "5"]
[White "Varga, Zoltan"]
[Black "Seres, Lajos"]
[Result "1/2-1/2"]
[WhiteElo "2450"]
[BlackElo "2450"]
[PlyCount "30"]
[EventDate "1996.12.??"]
[Source "ChessBase"]
[SourceDate "1997.04.10"]

1. e4 e5 2. Nf3 Qe7 3. Nc3 c6 4. d4 d6 5. a4 Bg4 6. dxe5 dxe5 7. h3 Bh5 8. g4 Bg6 9. h4 h5 10. g5 Qc7 11. Bh3 Bb4 12. O-O Ne7 13. Qd3 O-O 14. Qc4 Na6 15. Be3 Nc8 1/2-1/2

[Event "Santo Domingo"]
[Site "?"]
[Date "2006.11.05"]
[Round "8"]
[White "Perelshteyn Eugene"]
[Black "Dominguez Jose"]
[Result "1-0"]
[WhiteElo "2540"]
[BlackElo "2352"]
[PlyCount "145"]
[EventDate "2006.??.??"]
[Source "www.chesslib.no"]
[SourceDate "2004.05.04"]

1. e4 e5 2. Nf3 Qe7 3. Bc4 d6 4. O-O Bg4 5. h3 Bh5 6. d4 Nf6 7. Re1 c6 8. c3 Qc7 9. Nbd2 Nbd7 10. Bb3 Be7 11. Nf1 h6 12. Ng3 Bg6 13. Nh4 Bh7 14. Nhf5 Bf8 15. Qf3 Bg8 16. a4 g6 17. Ne3 Be7 18. a5 h5 19. Nc4 h4 20. Nf1 Nh5 21. Nh2 O-O-O 22. Be3 Kb8 23. Na3 f5 24. Bxg8 Rdxg8 25. b4 fxe4 26. Qxe4 d5 27. Qb1 a6 28. c4 dxc4 29. Nxc4 exd4 30. Bxd4 Bf6 31. Qe4 Qf4 32. Rad1 Qxe4 33. Rxe4 Bxd4 34. Rexd4 Ndf6 35. Rxh4 g5 36. Rhd4 Nf4 37. Kf1 N6d5 38. Ne3 Nxe3+ 39. fxe3 Nd5 40. Ng4 Re8 41. e4 Rhf8+ 42. Kg1 Nc3 43. Re1 Rf4 44. Nf2 Kc7 45. g3 Rf7 46. Ng4 Rh8 47. Kg2 Rd8 48. Rxd8 Kxd8 49. Re3 Na2 50. Rd3+ Kc7 51. Rd4 Nc3 52. Rc4 Nb5 53. Rc5 Rg7 54. Ne3 Kd7 55. Nf5 Rg8 56. Re5 Re8 57. Rxe8 Kxe8 58. Kf3 Kf7 59. Kg4 Kf6 60. h4 gxh4 61. gxh4 Nc3 62. Nd6 Ke7 63. Nxb7 Nxe4 64. Nc5 Nf6+ 65. Kf5 Nd5 66. Nxa6 Kf7 67. Ke5 Ke7 68. b5 Ne3 69. bxc6 Nc4+ 70. Kd5 Nxa5 71. c7 Kd7 72. h5 Nc6 73. c8=Q+ 1-0

[Event "Magistral"]
[Site "Cullera"]
[Date "2004.07.21"]
[Round "2.5"]
[White "Cabrera, Alexis"]
[Black "Garcia Fernandez, Carlos"]
[Result "1-0"]
[WhiteElo "2534"]
[BlackElo "2358"]
[PlyCount "47"]
[EventDate "2004.07.??"]
[Source "Roberto Alvarez"]
[SourceDate "2003.08.04"]

1. e4 e5 2. Nf3 Qe7 3. Nc3 c6 4. g3 d6 5. Bg2 Bg4 6. h3 Bh5 7. O-O g5 8. d4 h6 9. b3 Nf6 10. Qd3 Nbd7 11. a4 O-O-O 12. Ba3 Qe8 13. d5 cxd5 14. Nxd5 Nxd5 15. Qxd5 Nf6 16. Qa5 Bxf3 17. Bxf3 Kb8 18. Bc1 d5 19. exd5 e4 20. Be3 a6 21. Bd4 Rxd5 22. Qc3 exf3 23. Bxf6 Rg8 24. Rae1 1-0

[Event "Bela Crkva Open"]
[Site "Bela Crkva"]
[Date "1986.??.??"]
[Round "?"]
[White "Matulovic, Milan"]
[Black "Sahovic, Dragutin"]
[Result "1-0"]
[WhiteElo "2485"]
[BlackElo "2405"]
[PlyCount "61"]
[EventDate "1986.??.??"]
[Source "www.chesslib.no"]
[SourceDate "2004.05.04"]

1. e4 e5 2. Nf3 Qe7 3. Nc3 c6 4. d4 d6 5. a4 Bg4 6. Be2 Bxf3 7. Bxf3 g6 8. O-O Nd7 9. a5 a6 10. Be2 Bg7 11. Be3 exd4 12. Bxd4 Ngf6 13. f4 O-O 14. Bf3 Ne8 15. Qd2 Rd8 16. Rad1 Bxd4+ 17. Qxd4 Nc5 18. b4 Ne6 19. Qe3 N8g7 20. Rfe1 Rfe8 21. g3 f5 22. Qb6 Qf7 23. exf5 Nxf5 24. b5 axb5 25. a6 Qc7 26. Qxb7 Qxb7 27. axb7 Ned4 28. Rxe8+ Rxe8 29. Ra1 Nxf3+ 30. Kf2 Kg7 31. Ra8 1-0

[Event "Open"]
[Site "?"]
[Date "2000.08.25"]
[Round "6"]
[White "Efimov Igor"]
[Black "Orlov Andrey"]
[Result "1/2-1/2"]
[WhiteElo "2520"]
[BlackElo "2367"]
[PlyCount "83"]
[EventDate "2000.??.??"]
[Source "www.chesslib.no"]
[SourceDate "2004.05.04"]

1. e4 e5 2. Nf3 Qe7 3. Nc3 c6 4. d4 d6 5. h3 Nf6 6. Bg5 h6 7. Be3 Qc7 8. Qd2 Be7 9. g4 b5 10. a3 Nbd7 11. Bg2 Nb6 12. b3 Bd7 13. g5 hxg5 14. Nxg5 Nh5 15. a4 bxa4 16. dxe5 dxe5 17. Nxa4 Nxa4 18. Rxa4 Nf4 19. Bxf4 exf4 20. Nf3 c5 21. Qa5 Rc8 22. Ra1 c4 23. O-O Bc5 24. Qc3 Kf8 25. b4 Bb6 26. Ne5 Be6 27. Rfd1 f3 28. Nxf3 Qg3 29. Qd2 Bxh3 30. Qd6+ Qxd6 31. Rxd6 Ke7 32. e5 Bf5 33. c3 Rhd8 34. Rad1 Bd3 35. Bh3 Rb8 36. Ne1 Rxd6 37. exd6+ Kxd6 38. Nxd3 cxd3 39. Rxd3+ Ke5 40. c4 Bd4 41. b5 g5 42. Kg2 1/2-1/2

[Event "Maribor"]
[Site "Maribor"]
[Date "1996.??.??"]
[Round "?"]
[White "Pavasovic, Dusko"]
[Black "Loncar, Robert"]
[Result "0-1"]
[WhiteElo "2425"]
[BlackElo "2455"]
[PlyCount "54"]
[EventDate "1996.05.??"]
[Source "ChessBase"]

1. e4 e5 2. Nf3 Qe7 3. Nc3 c6 4. d4 d6 5. h3 Nf6 6. Bg5 Qc7 7. Qd2 Be7 8. Bd3 Nbd7 9. O-O Nf8 10. Ne2 h6 11. Be3 Nh5 12. c4 Ng6 13. g4 Nf6 14. Ng3 c5 15. dxc5 dxc5 16. Nf5 Bxf5 17. exf5 e4 18. Bc2 Rd8 19. Qc1 exf3 20. fxg6 O-O 21. Bxh6 Rd4 22. Bf5 fxg6 23. Be6+ Kh7 24. Bg5 Ne4 25. Be3 Qe5 26. Bxd4 cxd4 27. c5 Bxc5 0-1

[Event "3. Copa Itau Mercosul"]
[Site "?"]
[Date "1999.10.17"]
[Round "4"]
[White "Vescovi Giovanni P"]
[Black "Camara Helder"]
[Result "1-0"]
[WhiteElo "2522"]
[BlackElo "2345"]
[PlyCount "105"]
[EventDate "1999.??.??"]
[Source "www.chesslib.no"]
[SourceDate "2004.05.04"]

1. e4 e5 2. Nf3 Qe7 3. Nc3 c6 4. d4 d6 5. a4 Bg4 6. Be2 Nf6 7. a5 Bxf3 8. Bxf3 Qc7 9. O-O Be7 10. Ne2 a6 11. g3 Nbd7 12. Bg2 h5 13. h4 Nf8 14. c4 Ne6 15. d5 Nc5 16. Nc3 Ncd7 17. b3 c5 18. Bh3 Nf8 19. Bd2 g6 20. Qe2 N8d7 21. Na4 Rb8 22. Rfc1 Bf8 23. b4 Be7 24. bxc5 dxc5 25. f4 Kf8 26. Rf1 Kg7 27. Ra3 Bd6 28. f5 Rhf8 29. Raf3 Be7 30. Bc3 Qd6 31. fxg6 fxg6 32. Be6 b5 33. axb6 Nxb6 34. Nb2 Nbd7 35. Nd3 Rb3 36. Qc2 Rbb8 37. Rxf6 Bxf6 38. Bxd7 Qxd7 39. Nxc5 Qg4 40. Ne6+ Kg8 41. Nxf8 Qxg3+ 42. Qg2 Qxg2+ 43. Kxg2 Rxf8 44. c5 Kg7 45. c6 Rc8 46. Kh3 a5 47. Bxa5 Be7 48. Rb1 Kf6 49. Rf1+ Kg7 50. c7 Bd6 51. Rf2 Ra8 52. Rc2 Rc8 53. Rc6 1-0

[Event "CRO-Cup"]
[Site "Pula CRO"]
[Date "1996.??.??"]
[Round "?"]
[White "Fercec, Nenad"]
[Black "Loncar, Robert"]
[Result "1-0"]
[WhiteElo "2405"]
[BlackElo "2455"]
[PlyCount "105"]
[EventDate "1996.??.??"]
[Source "www.chesslib.no"]
[SourceDate "2004.05.04"]

1. e4 e5 2. Nf3 Qe7 3. Nc3 c6 4. d4 d6 5. Bg5 Nf6 6. Qd2 h6 7. Bh4 Qc7 8. O-O-O Be7 9. Bg3 Nbd7 10. h3 b5 11. Qe3 a6 12. Be2 Bb7 13. Bh2 O-O-O 14. Kb1 Rhe8 15. a3 Bf8 16. dxe5 dxe5 17. Nd2 Bd6 18. Nb3 c5 19. Bxb5 c4 20. Bxc4 Qxc4 21. Rxd6 Nxe4 22. Rd3 Nec5 23. Nxc5 Nxc5 24. Rxd8+ Kxd8 25. Rd1+ Kc8 26. f3 Nd7 27. Bg1 f5 28. Rd3 e4 29. Nxe4 Kd8 30. Qb6+ Qc7 31. Qxc7+ Kxc7 32. Bh2+ Kd8 33. Nc5 Re1+ 34. Ka2 Bc8 35. Rd2 g5 36. Bg3 Rg1 37. Bf2 Rf1 38. Ne6+ Ke7 39. Nd4 Ne5 40. b3 f4 41. Re2 Kd6 42. Be1 Kd5 43. Bc3 Ng6 44. Bb2 Nh4 45. c4+ Kd6 46. c5+ Kd5 47. c6 Nf5 48. Nxf5 Bxf5 49. Re5+ Kxc6 50. Rxf5 Rg1 51. Rf6+ Kd5 52. Rxh6 Rxg2 53. Rxa6 1-0

[Event "Berliner Sommer"]
[Site "Berlin"]
[Date "1995.??.??"]
[Round "4"]
[White "Nikolenko, Oleg"]
[Black "Sadiku, Bedri"]
[Result "1-0"]
[WhiteElo "2475"]
[BlackElo "2380"]
[PlyCount "49"]
[EventDate "1995.08.??"]
[Source "ChessBase"]

1. e4 e5 2. Nf3 Qe7 3. Nc3 c6 4. d4 d6 5. a4 a5 6. Be2 Qc7 7. O-O Be7 8. Be3 Nf6 9. Nd2 O-O 10. Nc4 Nbd7 11. Qd2 Nxe4 12. Nxe4 d5 13. dxe5 dxe4 14. Bf4 Qd8 15. Rfd1 Bc5 16. Nd6 e3 17. Bxe3 Bxe3 18. Qxe3 Qe7 19. Bc4 Kh8 20. Nxf7+ Rxf7 21. Bxf7 Qxf7 22. e6 Qe8 23. exd7 Bxd7 24. Qxe8+ Bxe8 25. Rd6 1-0

[Event "Karl Wagner mem 5th"]
[Site "Graz"]
[Date "1998.09.13"]
[Round "9.8"]
[White "Pavasovic, Dusko"]
[Black "Bawart, Markus"]
[Result "1-0"]
[WhiteElo "2505"]
[BlackElo "2345"]
[PlyCount "47"]
[EventDate "1998.09.??"]
[Source "www.chesslib.no"]
[SourceDate "2004.05.04"]

1. e4 e5 2. Nf3 Qe7 3. Nc3 c6 4. d4 d6 5. Bg5 Nf6 6. h3 h6 7. Be3 Nbd7 8. Qd2 g5 9. O-O-O Bg7 10. h4 g4 11. Ng1 Nh5 12. Be2 exd4 13. Bxd4 Ne5 14. Be3 Bf8 15. Bd3 g3 16. f3 Be6 17. Be2 b5 18. Qd4 Qf6 19. Nh3 Bxh3 20. Rxh3 Rg8 21. Kb1 Nf4 22. Bxf4 Qxf4 23. Bxb5 Be7 24. Nd5 1-0

[Event "Ukrainian Games"]
[Site "Evpatoria (Ukraine)"]
[Date "2007.05.22"]
[Round "3"]
[White "Vysochin Spartak (UKR)"]
[Black "Fingerov Dmitry (UKR)"]
[Result "1-0"]
[WhiteElo "2520"]
[BlackElo "2327"]
[PlyCount "53"]
[EventDate "2007.??.??"]
[Source "www.chesslib.no"]
[SourceDate "2004.05.04"]

1. e4 e5 2. Nf3 Qe7 3. Nc3 c6 4. Bc4 d6 5. h3 h6 6. d4 Qf6 7. Be3 Ne7 8. g4 b5 9. dxe5 dxe5 10. g5 hxg5 11. Bxg5 bxc4 12. Bxf6 gxf6 13. Nd2 Be6 14. Qf3 Nd7 15. O-O-O Ng6 16. Nf1 Rh4 17. Ne3 Bc5 18. Ng2 Rh6 19. h4 Ke7 20. Na4 Bb4 21. a3 Bd6 22. h5 Ngf8 23. Qe3 Rh8 24. Qd2 Bc7 25. Qb4+ Kd8 26. Qb7 Rb8 27. Qxc6 1-0

[Event "Petrov mem"]
[Site "St Petersburg"]
[Date "1996.??.??"]
[Round "3"]
[White "Yemelin, Vasily"]
[Black "Soldatenkov, Kusma"]
[Result "0-1"]
[WhiteElo "2495"]
[BlackElo "2335"]
[PlyCount "80"]
[EventDate "1996.02.??"]
[Source "ChessBase"]

1. e4 e5 2. Nf3 Qe7 3. Bc4 d6 4. O-O Be6 5. Bxe6 Qxe6 6. d4 Be7 7. d5 Qc8 8. c4 Nf6 9. Nc3 Nbd7 10. Be3 O-O 11. Ne1 Ne8 12. Nd3 g6 13. Bh6 Ng7 14. b4 a5 15. a3 axb4 16. axb4 f5 17. Rxa8 Qxa8 18. Qb3 Nf6 19. exf5 gxf5 20. c5 Rf7 21. cxd6 cxd6 22. Nb5 Nge8 23. Rc1 Qd8 24. Be3 f4 25. Ba7 Qd7 26. Qc4 f3 27. Ne1 fxg2 28. Rc3 Bf8 29. Rg3+ Kh8 30. Be3 Nh5 31. Rxg2 Nf4 32. Rg3 Ng7 33. Bxf4 Rxf4 34. Qe2 Rxb4 35. Rf3 Nf5 36. Qc2 Rg4+ 37. Ng2 Rxg2+ 38. Kxg2 Nh4+ 39. Kg3 Nxf3 40. Nc7 Nd4 0-1

[Event "Kazan (Russia)"]
[Site "?"]
[Date "1997.??.??"]
[Round "3"]
[White "Farakhov Rafail"]
[Black "Isajevsky Anton"]
[Result "1/2-1/2"]
[WhiteElo "2385"]
[BlackElo "2432"]
[PlyCount "121"]
[EventDate "1997.??.??"]
[Source "www.chesslib.no"]
[SourceDate "2004.05.04"]

1. e4 e5 2. Nf3 Qe7 3. Nc3 c6 4. d4 d6 5. Be2 g6 6. dxe5 dxe5 7. O-O Bg7 8. Bg5 f6 9. Be3 Nh6 10. h3 Be6 11. Na4 Nd7 12. c4 Nf7 13. Nd2 O-O 14. Qc2 b6 15. Rad1 Rfd8 16. Nc3 Nf8 17. Bg4 Bh6 18. Bxe6 Nxe6 19. Nb3 Kg7 20. a3 Bf4 21. Qe2 f5 22. Rxd8 Rxd8 23. Rd1 Bxe3 24. fxe3 f4 25. Nd2 fxe3 26. Qxe3 Nf4 27. Nf3 Ng5 28. Rxd8 Nxf3+ 29. Qxf3 Qxd8 30. Qd1 Nd3 31. Ne2 Kf7 32. b4 Ke8 33. Kh2 Nf2 34. Qxd8+ Kxd8 35. Nc3 Ke7 36. g3 Nd3 37. Nd1 Ne1 38. Ne3 Nf3+ 39. Kg2 Nd2 40. h4 Nxe4 41. g4 Nd6 42. Kf3 Ke6 43. a4 a6 44. Kg3 Ne4+ 45. Kf3 Nc3 46. b5 axb5 47. axb5 cxb5 48. cxb5 Nxb5 49. Nc4 Nd4+ 50. Ke4 b5 51. Nxe5 Nb3 52. Nf3 h6 53. h5 g5 54. Ke3 Kf6 55. Ne1 Nc5 56. Nc2 Nd7 57. Kd4 Ne5 58. Ne3 Nf7 59. Nd5+ Ke6 60. Nc7+ Kf6 61. Nd5+ 1/2-1/2

[Event "It Resort and Casino"]
[Site "Decameron"]
[Date "2003.12.08"]
[Round "4"]
[White "Ramirez Alvarez, Alejandro"]
[Black "Dominiguez, Jose M"]
[Result "1-0"]
[WhiteElo "2483"]
[BlackElo "2313"]
[PlyCount "117"]
[EventDate "2003.12.06"]
[Source "Roberto Alvarez"]
[SourceDate "2003.12.15"]

1. e4 e5 2. Nf3 Qe7 3. Nc3 c6 4. d4 d6 5. dxe5 dxe5 6. Bc4 Bg4 7. h3 Bh5 8. Bg5 Nf6 9. Qd3 Qc7 10. g4 Bg6 11. Bxf6 gxf6 12. O-O-O Nd7 13. Nh4 b5 14. Bb3 a5 15. Nxb5 cxb5 16. Qxb5 Bh6+ 17. Kb1 Bxe4 18. Ba4 O-O-O 19. f3 Bb7 20. Nf5 Bf8 21. Bb3 Bxf3 22. Bd5 Bxd5 23. Rxd5 Nb6 24. Qa6+ Kb8 25. Rb5 Bc5 26. Qxa5 Bf2 27. a4 Kb7 28. Rf1 Qc4 29. Rc1 Rd5 30. b3 Rxb5 31. Nd6+ Kb8 32. Nxb5 Qc6 33. Qa7+ Kc8 34. Rd1 Bc5 35. Qxf7 Nd7 36. Qc4 Kb8 37. Rxd7 Qxd7 38. Qxc5 Rc8 39. Qb6+ Ka8 40. Kb2 Rc6 41. Qe3 Kb8 42. c4 Re6 43. Nc3 Qd4 44. Qxd4 exd4 45. Nd5 Re2+ 46. Kc1 Rf2 47. b4 d3 48. c5 f5 49. gxf5 Rxf5 50. Ne7 Rf2 51. Kd1 Kc7 52. b5 Ra2 53. Nd5+ Kb8 54. c6 Kc8 55. b6 Rc2 56. Ne7+ Kb8 57. c7+ Rxc7 58. bxc7+ Ka8 59. Kc1 1-0

[Event "Myslenice"]
[Site "Myslenice"]
[Date "1987.??.??"]
[Round "3"]
[White "Georgiev, Krum I"]
[Black "Latas, Boguslaw"]
[Result "1-0"]
[WhiteElo "2470"]
[BlackElo "2325"]
[PlyCount "65"]
[EventDate "1987.??.??"]
[Source "www.chesslib.no"]
[SourceDate "2004.05.04"]

1. e4 e5 2. Nf3 Qe7 3. Nc3 c6 4. d4 d6 5. Bc4 g6 6. Bg5 f6 7. Be3 Nh6 8. O-O Bg7 9. a4 Nd7 10. a5 Nf8 11. Bb3 Bg4 12. h3 exd4 13. Bxd4 Be6 14. Nd5 cxd5 15. exd5 Bf5 16. Re1 Be4 17. Nh2 Nd7 18. f3 f5 19. fxe4 O-O 20. exf5 Qxe1+ 21. Qxe1 Bxd4+ 22. Kh1 Rae8 23. Qe6+ Rxe6 24. dxe6 Kg7 25. exd7 Nxf5 26. Nf3 Bf6 27. a6 b6 28. Re1 Rd8 29. g4 Nd4 30. g5 Be5 31. Nxd4 Bxd4 32. Re7+ Kf8 33. Rf7+ 1-0

[Event "Mitilini op"]
[Site "?"]
[Date "1996.??.??"]
[Round "?"]
[White "Tzermiadianos Andreas"]
[Black "Kofidis Andreas"]
[Result "1/2-1/2"]
[WhiteElo "2410"]
[BlackElo "2380"]
[PlyCount "113"]
[EventDate "1996.??.??"]
[Source "www.chesslib.no"]
[SourceDate "2004.05.04"]

1. e4 e5 2. Nf3 Qe7 3. Bc4 Nf6 4. O-O h6 5. d4 d6 6. Nc3 c6 7. h3 g5 8. dxe5 dxe5 9. Nh2 Be6 10. Bxe6 Qxe6 11. Ng4 Nxg4 12. Qxg4 Qxg4 13. hxg4 Nd7 14. Be3 Bc5 15. Nd1 O-O-O 16. f3 h5 17. gxh5 Rxh5 18. Bxc5 Nxc5 19. Ne3 Na4 20. Rab1 Rd2 21. Rfc1 f6 22. Nf1 Rd4 23. c3 Rd3 24. Rc2 Nc5 25. Rd2 Rxd2 26. Nxd2 Rh7 27. Nf1 g4 28. Rd1 gxf3 29. gxf3 Na4 30. Rd2 Rd7 31. Rc2 Nc5 32. Ne3 Nd3 33. Rd2 Ne1 34. Rf2 Rd3 35. Ng4 Nxf3+ 36. Kf1 Nd2+ 37. Ke2 Rg3 38. Nxf6 Nc4 39. Kd1 Rg6 40. Kc2 Nd6 41. Kd3 Kd8 42. Nh5 Rg5 43. Rh2 Ke7 44. c4 Rg4 45. Re2 Rg5 46. Rh2 c5 47. b3 a5 48. a3 b6 49. Rh3 Rg1 50. Ng3 b5 51. Rh7+ Nf7 52. Nf5+ Kf6 53. Ne3 Ra1 54. Kc3 Rf1 55. Kd2 Rb1 56. Kc2 Re1 57. Kd2 1/2-1/2

[Event "Donner mem op"]
[Site "Amsterdam"]
[Date "1996.??.??"]
[Round "2"]
[White "Garcia, Gildardo"]
[Black "Van Schaardenburg, Mark"]
[Result "1-0"]
[WhiteElo "2495"]
[BlackElo "2295"]
[PlyCount "43"]
[EventDate "1996.08.17"]
[Source "www.chesslib.no"]
[SourceDate "2004.05.04"]

1. e4 e5 2. Nf3 Qe7 3. Nc3 c6 4. Be2 d6 5. O-O g5 6. d4 h6 7. a4 Qf6 8. Be3 Nd7 9. a5 Ne7 10. a6 b6 11. d5 c5 12. Nb5 Kd8 13. b4 Ng6 14. bxc5 Nxc5 15. Bxc5 dxc5 16. d6 Be6 17. Nxa7 Bd7 18. Qb1 Rb8 19. Nc6+ Bxc6 20. a7 Rc8 21. Qxb6+ Kd7 22. a8=Q 1-0

[Event "Kaluga (Russia)"]
[Site "?"]
[Date "2002.??.??"]
[Round "2"]
[White "Amonatov Farrukh"]
[Black "Koshil Tikhon"]
[Result "1-0"]
[WhiteElo "2549"]
[BlackElo "2233"]
[PlyCount "67"]
[EventDate "2002.??.??"]
[Source "www.chesslib.no"]
[SourceDate "2004.05.04"]

1. e4 e5 2. Nf3 Qe7 3. Nc3 Nf6 4. Bc4 h6 5. O-O d6 6. d4 c6 7. a4 Bg4 8. Be3 Qc7 9. h3 Bh5 10. Re1 Be7 11. g4 Bg6 12. Nh4 Bh7 13. Qf3 Nbd7 14. Nf5 Bxf5 15. Qxf5 g6 16. Qf3 exd4 17. Bxd4 Ne5 18. Qe2 h5 19. g5 Nh7 20. f4 c5 21. Nd5 Qc8 22. Bb5+ Kf8 23. Bf2 Nc6 24. e5 Qd7 25. Nxe7 Qxe7 26. Bxc6 bxc6 27. exd6 Qxe2 28. Rxe2 Kg7 29. Bxc5 Rhd8 30. Re7 Nf8 31. Rae1 Kg8 32. a5 Ne6 33. R1xe6 fxe6 34. d7 1-0

[Event "Oberwart Open"]
[Site "Oberwart AUT"]
[Date "1991.??.??"]
[Round "?"]
[White "Yurtaev, Leonid"]
[Black "Turian, Hans"]
[Result "1-0"]
[WhiteElo "2525"]
[BlackElo "2255"]
[PlyCount "81"]
[EventDate "1991.07.??"]
[Source "www.chesslib.no"]
[SourceDate "2004.05.04"]

1. e4 e5 2. Nf3 Qe7 3. Nc3 c6 4. d4 d6 5. a4 Nf6 6. Be2 Qc7 7. O-O Be7 8. b3 O-O 9. Ba3 Bg4 10. Qd2 Na6 11. h3 Bxf3 12. Bxf3 Rad8 13. Rfd1 Rfe8 14. Be2 Nb8 15. d5 a6 16. Qe3 c5 17. Nb1 Nbd7 18. Bb2 Bf8 19. Nd2 g6 20. Nc4 Nb6 21. Nd2 Bg7 22. a5 Nbd7 23. Nc4 Rf8 24. Ba3 Ne8 25. b4 f5 26. bxc5 Nxc5 27. exf5 gxf5 28. Nxd6 Nxd6 29. Qxc5 Qd7 30. Rab1 f4 31. Qxd6 Qxd6 32. Bxd6 Rxd6 33. Rxb7 e4 34. Rb6 Be5 35. Rxa6 f3 36. gxf3 exf3 37. Bc4 Rxa6 38. d6+ Kg7 39. Bxa6 Rf6 40. d7 Rg6+ 41. Kh1 1-0

[Event "Chigorin mem"]
[Site "St Petersburg"]
[Date "1999.11.08"]
[Round "7"]
[White "Khmelnitski, Alexander"]
[Black "Soldatenkov, Kusma"]
[Result "0-1"]
[WhiteElo "2444"]
[BlackElo "2335"]
[PlyCount "70"]
[EventDate "1999.11.02"]
[Source "ChessBase"]
[SourceDate "2000.02.01"]

1. e4 e5 2. Nf3 Qe7 3. Nc3 c6 4. d4 d6 5. Bc4 h6 6. h3 Qc7 7. O-O Be7 8. a4 Nf6 9. dxe5 dxe5 10. Nh4 g5 11. Nf5 Bxf5 12. exf5 Nbd7 13. Be3 Kf8 14. Qe2 Kg7 15. Bb3 Qa5 16. Qc4 Rhf8 17. h4 Nb6 18. Bxb6 axb6 19. Ne4 Qb4 20. Nxf6 Kxf6 21. Qe2 Qxh4 22. Rfe1 Qf4 23. Rad1 Bc5 24. c3 g4 25. Kh1 Bxf2 26. Rf1 g3 27. Qh5 Qg5 28. Bxf7 Qxh5+ 29. Bxh5 Rxa4 30. b4 e4 31. Bg4 Kg5 32. Bh3 e3 33. Rd4 e2 34. Rg4+ Kf6 35. Rg6+ Kf7 0-1